Hospodársky almanach Slovenskej republiky 1995/96 2. ročník

Salvato in:
Dettagli Bibliografici
Natura: Libro
Lingua:slovacco
Pubblicazione: Bratislava CompAlmanach 1995
Soggetti:
Tags: Aggiungi Tag
Nessun Tag, puoi essere il primo ad aggiungerne!!

MARC

LEADER 00000nam a2200000 4500
001 c010940
005 20240325082506.2
020 |a 80-967165-2-2 
041 0 |a slo 
044 |a SK 
245 1 0 |a Hospodársky almanach Slovenskej republiky 1995/96  |b 2. ročník 
264 1 |a Bratislava  |b CompAlmanach  |c 1995 
300 |a 664 s. 
610 2 0 |a Slovensko 
610 2 0 |a ekonómia 
610 2 0 |a hospodárstvo národné 
610 2 0 |a firmy 
610 2 0 |a priemysel 
610 2 0 |a obchod 
610 2 0 |a energetika 
610 2 0 |a stavebníctvo 
610 2 0 |a služby 
610 2 0 |a výroba 
610 2 0 |a ekológia 
610 2 0 |a tovar 
610 2 0 |a podnik 
610 2 0 |a 1995-1996